San Ignacio de Loyola. Biografía

Збережено в:
Бібліографічні деталі
Автор: Arteche, José de (Автор)
Формат: Книга
Мова:Іспанська
Опубліковано: Barcelona Herder 1941
Предмети:
Теги: Додати тег
Немає тегів, Будьте першим, хто поставить тег для цього запису!

MARC

LEADER 00000nam a2200000 a 4500
001 UCI5101
003 CL-VaPUC
008 080314e19410000SP |||||||||||||||||spa|d
082 0 4 |a 922.22  |b ART  |2 21 
100 0 |a Arteche, José de  |e author  |9 527198 
245 1 0 |a San Ignacio de Loyola. Biografía 
300 |a 332 p 
942 |c BK 
945 |d 20080314 00:00:00  |a rbrito 
260 |a Barcelona  |b Herder  |c 1941 
500 |a Donación Padres Capuchinos 
600 0 7 |a SAN IGNACIO DE LOYOLA  |2 CL-VaPUC  |9 478086 
650 0 |a Biografías  |9 255210 
650 7 |a SANTO  |2 CL-VaPUC  |9 526878 
650 0 |a Vida religiosa  |9 257284 
583 |a last modification  |c 20080314 00:00:00  |k Rodrigo Vera 
999 |c 328864  |d 328862 
952 |0 0  |1 0  |4 0  |6 922_220000000000000_ART_1941  |7 0  |8 ?  |9 413045  |a FDOBUD  |b FDOBUD  |d 2019-11-22  |i 4410947  |o 922.22 ART 1941  |p 4410947  |r 2019-11-22  |w 2019-11-22  |y BK  |k BUD